📖 150 premiers mots "La rue est mon église" Guy Gilbert - Statistiques

Statistiques générales
  • Ce quiz a Ă©tĂ© pris 10 fois
  • Le rĂ©sultat moyen est 74 sur 150
Statistiques - réponses
Mots % Correct
a
100%
Ă 
100%
ET
100%
et
100%
Et
100%
l'
100%
lĂ ,
100%
la
100%
Mer,
100%
Rochefort-
100%
s'
100%
sur-
100%
un
100%
C'
88%
elle
88%
Il
88%
il
88%
moi,
88%
mon
88%
Mon
88%
Pour
88%
sa
88%
ce
75%
d'
75%
de
75%
en
75%
j'
75%
Jésus
75%
Jésus.
75%
les
75%
mes
75%
par
75%
qu'
75%
que
75%
qui
75%
ai
63%
avoir
63%
ça ?"
63%
Cette
63%
cette
63%
donc,
63%
était
63%
ĂŞtre
63%
je
63%
ne
63%
né
63%
peut
63%
plus
63%
tout
63%
vie
63%
bien
50%
Comme
50%
on
50%
père,
50%
Rien
50%
rien
50%
voulais
50%
avait
38%
"Dis
38%
prĂŞtre,
38%
ton
38%
trois
38%
annoncé
25%
ans.
25%
ans,
25%
curé.
25%
frères
25%
Lorsque
25%
puis ...
25%
sœurs,
25%
treize
25%
vérité.
25%
allais
13%
bouche
13%
devenir.
13%
gros
13%
idée
13%
Pourquoi
13%
PREMIERS
13%
quinze
13%
serait
13%
terre.
13%
tombé
13%
trente
13%
'APPEL
0%
arrachait
0%
assis,
0%
catéchisme,
0%
cheveux
0%
COMBATS'
0%
connaissait
0%
différemment,
0%
difficile
0%
durant
0%
éloquence
0%
éloquent.
0%
farfelue :
0%
fermé
0%
gars
0%
gueule
0%
heureusement
0%
jailli
0%
laissait
0%
paraît-
0%
parfois,
0%
parmi
0%
Particulièrement
0%
patron
0%
perspective
0%
présager
0%
ramenée
0%
redire.
0%
résumé
0%
sec
0%
sinon
0%
tué.
0%
vécue
0%
Aucun quiz correspondant
Distribution des résultats
% des personnes avec chaque résultat
Percentile par nombre de réponses
Votre historique - résultats
Vous n’avez pas pris ce quiz